Music Quiz

Random Music or Album Quiz

Combination Lock: '80s Albums Quiz Stats

 Plays Quiz Updated Feb 1, 2013

Challenge
Share
Tweet
Embed
Score 0/99 Timer 20:00
2 Plays Today
Combo # & Track Name Album (Enter the combination) % Correct
28 - Livin' on a Prayer‟Slippery When Wet”
83.8%
65 - Wanted Dead or Alive‟Slippery When Wet”
83.8%
96 - You Give Love a Bad Name‟Slippery When Wet”
83.8%
31 - Paradise City‟Appetite for Destruction”
83.6%
60 - Sweet Child o' Mine‟Appetite for Destruction”
83.6%
89 - Welcome to the Jungle‟Appetite for Destruction”
83.6%
21 - I Still Haven't Found What I'm Looking For‟The Joshua Tree”
82.7%
66 - Where the Streets Have No Name‟The Joshua Tree”
82.7%
92 - With Or Without You‟The Joshua Tree”
82.7%
04 - Beat It‟Thriller”
75.6%
37 - Human Nature‟Thriller”
75.6%
88 - Wanna Be Startin' Somethin'‟Thriller”
75.6%
20 - Hot For Teacher‟1984”
72.8%
41 - Jump‟1984”
72.8%
71 - Panama‟1984”
72.8%
18 - Girls Just Wanna Have Fun‟She's So Unusual”
71.2%
58 - She Bop‟She's So Unusual”
71.2%
84 - Time After Time‟She's So Unusual”
71.2%
19 - Hells Bells‟Back In Black”
69.5%
57 - Rock and Roll Ain't Noise Pollution‟Back In Black”
69.5%
99 - You Shook Me All Night Long‟Back In Black”
69.5%
06 - Brass Monkey‟Licensed to Ill”
66.7%
50 - No Sleep Till Brooklyn‟Licensed to Ill”
66.7%
98 - (You Gotta) Fight For Your Right (To Party)‟Licensed to Ill”
66.7%
33 - Tell Her About It‟An Innocent Man”
66%
63 - The Longest Time‟An Innocent Man”
66%
86 - Uptown Girl‟An Innocent Man”
66%
17 - Gimme All Your Lovin'‟Eliminator”
64.8%
44 - Legs‟Eliminator”
64.8%
76 - Sharp Dressed Man‟Eliminator”
64.8%
08 - Dancing In the Dark‟Born in the USA”
63.4%
35 - Glory Days‟Born in the USA”
63.4%
70 - No Surrender‟Born in the USA”
63.4%
Combo # & Track Name Album (Enter the combination) % Correct
13 - Every Breath You Take‟Synchronicity”
59.7%
43 - King of Pain‟Synchronicity”
59.7%
93 - Wrapped Around Your Finger‟Synchronicity”
59.7%
23 - I Would Die 4 U‟Purple Rain soundtrack”
59.5%
45 - Let's Go Crazy‟Purple Rain soundtrack”
59.5%
90 - When Doves Cry‟Purple Rain soundtrack”
59.5%
22 - I Want A New Drug‟Sports”
56.2%
39 - If This Is It‟Sports”
56.2%
83 - The Heart of Rock and Roll‟Sports”
56.2%
11 - Don't Stop Believin'‟Escape”
55.3%
52 - Open Arms‟Escape”
55.3%
91 - Who's Crying Now‟Escape”
55.3%
29 - Money for Nothing‟Brothers in Arms”
55%
59 - So Far Away‟Brothers in Arms”
55%
87 - Walk of Life‟Brothers in Arms”
55%
05 - Big Time‟So”
54.8%
40 - In Your Eyes‟So”
54.8%
78 - Sledgehammer‟So”
54.8%
02 - Armegeddon It‟Hysteria”
53.1%
46 - Love Bites‟Hysteria”
53.1%
73 - Pour Some Sugar On Me‟Hysteria”
53.1%
15 - Everybody Wants To Rule the World‟Songs From The Big Chair”
50.4%
36 - Head Over Heels‟Songs From The Big Chair”
50.4%
77 - Shout‟Songs From The Big Chair”
50.4%
16 - Father Figure‟Faith”
49.9%
38 - I Want Your Sex‟Faith”
49.9%
67 - Kissing a Fool‟Faith”
49.9%
07 - Cold Hearted‟Forever Your Girl”
49.8%
54 - Opposites Attract‟Forever Your Girl”
49.8%
79 - Straight Up‟Forever Your Girl”
49.8%
32 - Saving All My Love For You‟Whitney Houston”
49.1%
62 - The Greatest Love of All‟Whitney Houston”
49.1%
95 - You Give Good Love‟Whitney Houston”
49.1%
Combo # & Track Name Album (Enter the combination) % Correct
27 - Live To Tell‟True Blue”
48.7%
53 - Open Your Heart‟True Blue”
48.7%
72 - Papa Don't Preach‟True Blue”
48.7%
09 - Diamonds on the Soles of Her Shoes‟Graceland”
48.5%
61 - The Boy in the Bubble‟Graceland”
48.5%
94 - You Can Call Me Al‟Graceland”
48.5%
30 - Need You Tonight‟Kick”
47.5%
49 - Never Tear Us Apart‟Kick”
47.5%
69 - New Sensation‟Kick”
47.5%
10 - Don't Lose My Number‟No Jacket Required”
40.6%
51 - One More Night‟No Jacket Required”
40.6%
80 - Sussudio‟No Jacket Required”
40.6%
03 - Baby Can I Hold You‟Tracy Chapman”
36%
34 - Fast Car‟Tracy Chapman”
36%
82 - Talkin' Bout A Revolution‟Tracy Chapman”
36%
01 - All Night Long (All Night)‟Can't Slow Down”
35.8%
55 - Penny Lover‟Can't Slow Down”
35.8%
75 - Running With the Night‟Can't Slow Down”
35.8%
26 - Land of Confusion‟InvisibIe Touch”
35.8%
64 - Throwing It All Away‟Invisible Touch”
35.8%
85 - Tonight, Tonight, Tonight‟Invisible Touch”
35.8%
12 - Escapade‟Rhythm Nation 1814”
34.3%
47 - Love Will Never Do (Without You)‟Rhythm Nation 1814”
34.3%
68 - Miss You Much‟Rhythm Nation 1814”
34.3%
25 - In Your Letter‟Hi-Infidelity”
33.6%
42 - Keep On Loving You‟Hi-Infidelity”
33.6%
81 - Take It On the Run‟Hi-Infidelity”
33.6%
14 - Every Little Step‟Don't Be Cruel”
32.7%
48 - My Prerogative‟Don't Be Cruel”
32.7%
74 - Rock Wit'cha‟Don't Be Cruel”
32.7%
24 - I'll Be Loving You (Forever)‟Hangin Tough”
32.1%
56 - Please Don't Go Girl‟Hangin Tough”
32.1%
97 - You Got It (The Right Stuff)‟Hangin Tough”
32.1%

You're not logged in!

Compare scores with friends on all Sporcle quizzes.
OR
Log In

You Might Also Like...

Show Comments

Extras

Top Quizzes Today


Score Distribution

Your Account Isn't Verified!

In order to create a playlist on Sporcle, you need to verify the email address you used during registration. Go to your Sporcle Settings to finish the process.

Report this User

Report this user for behavior that violates our Community Guidelines.

Details: